Použitie štatistických metód pri vyhodnocovaní efektu onkologickej liečby

Posúdenie vplyvu účinnosti onkologickej liečby na prežívanie pacientov.

Guardado en:
Detalles Bibliográficos
Autor principal: Cingelová, Silvia
Otros Autores: Labudová, Viera, 1958-
Formato: Capítulo de libro
Lenguaje:eslovaco
Materias:
Etiquetas: Agregar Etiqueta
Sin Etiquetas, Sea el primero en etiquetar este registro!

MARC

LEADER 00000naa$a2200000$$$4500
001 0132555
005 20240502072512.2
041 0 |a slo 
044 |a SK 
245 1 0 |a Použitie štatistických metód pri vyhodnocovaní efektu onkologickej liečby  |c Silvia Cingelová, Viera Labudová 
520 |a Posúdenie vplyvu účinnosti onkologickej liečby na prežívanie pacientov. 
610 2 0 |a zdravotníctvo 
610 2 0 |a starostlivosť zdravotná 
610 2 0 |a metódy štatistické 
100 1 |a Cingelová, Silvia 
700 1 |a Labudová, Viera, 1958-